| 000 | 01749nam0a2200361 i 4500 | ||
|---|---|---|---|
| 001 | RU\NLR\BIBL_A\010561029 | ||
| 005 | 20260406095409.0 | ||
| 010 |
_a9785906673114 _91000 |
||
| 021 |
_aRU _b2014-76554 _94682 |
||
| 035 | _a(NILC)RuMoRGB-007565310 | ||
| 035 | _a(NLR Aleph) 010561029 | ||
| 090 |
_a10380251 _c10380251 |
||
| 100 | _a20141209d2014 k y0rusy50 ca | ||
| 101 | 0 | _arus | |
| 102 | _aRU | ||
| 105 | _aa|||z||||00yy | ||
| 200 | 1 |
_aГосударственная политика защиты нравственности и СМИ _eрабочая книга для законодателя _fС. С. Сулакшин, Е. С. Сазонова, А. И. Хвыля-Олингер |
|
| 210 |
_aМосква _cНаука и политика _d2014 |
||
| 215 |
_a358, [1] с. _cил. _d22 |
||
| 320 | _aБиблиогр. в конце кн. и в подстроч. примеч. | ||
| 606 | 1 |
_aНравственность _xЗащита _xПравовые вопросы _yРоссийская Федерация _92544975 _3RU\NLR\AUTH\661506371 |
|
| 686 | 1 | _aХ628.112.0 | |
| 686 | 1 | _aХ628.111.316 | |
| 686 | 1 | _aХ623.06 | |
| 700 | 1 |
_8rus _7ca _aСулакшин _bС. С. _cд-р физ.-мат. наук, д-р полит. наук _f1954- _gСтепан Степанович _3RU\NLR\AUTH\7772216 _955144 |
|
| 701 | 1 |
_7ca _8rus _aСазонова _bЕ. С. _cюрист-эксперт _gЕлена Сергеевна _3RU\NLR\AUTH\770135423 _9135388 |
|
| 701 | 1 |
_8rus _7ca _aХвыля-Олинтер _bА. И. _f1944- _gАндрей Игоревич _3RU\NLR\AUTH\7758583 _941515 |
|
| 801 | 0 |
_aRU _bРГБ _c20141010 _gRCR |
|
| 801 | 1 |
_aRU _bРГБ _c20141010 _2rusmarc |
|
| 942 | _cBOOK | ||
| 980 | _aNBR | ||